LEADER 01672oam 2200457M 450 001 9910716174703321 005 20200213070910.3 035 $a(CKB)5470000002518366 035 $a(OCoLC)1065600143 035 $a(OCoLC)995470000002518366 035 $a(EXLCZ)995470000002518366 100 $a20071213d1926 ua 0 101 0 $aeng 135 $aurcn||||||||| 181 $ctxt$2rdacontent 182 $cc$2rdamedia 183 $acr$2rdacarrier 200 10$aDiscipline of the White House Police Force. April 19 (calendar day, April 20), 1926. -- Ordered to be printed 210 1$a[Washington, D.C.] :$c[U.S. Government Printing Office],$d1926. 215 $a1 online resource (2 pages) 225 1 $aSenate report / 69th Congress, 1st session. Senate ;$vno. 627 225 1 $a[United States congressional serial set] ;$v[serial no. 8525] 300 $aBatch processed record: Metadata reviewed, not verified. Some fields updated by batch processes. 300 $aFDLP item number not assigned. 517 $aDiscipline of the White House Police Force. April 19 606 $aLabor discipline 606 $aLegislative amendments 606 $aPolice 608 $aLegislative materials.$2lcgft 615 0$aLabor discipline. 615 0$aLegislative amendments. 615 0$aPolice. 701 $aCapper$b Arthur$f1865-1951$pRepublican (KS)$01386839 801 0$bWYU 801 1$bWYU 801 2$bOCLCO 801 2$bOCLCQ 906 $aBOOK 912 $a9910716174703321 996 $aDiscipline of the White House Police Force. April 19 (calendar day, April 20), 1926. -- Ordered to be printed$93489777 997 $aUNINA LEADER 02123nam 2200541 450 001 9910797682403321 005 20231221124559.0 010 $a1-4438-8152-X 035 $a(CKB)3710000000473540 035 $a(EBL)4534706 035 $a(SSID)ssj0001637156 035 $a(PQKBManifestationID)16395566 035 $a(PQKBTitleCode)TC0001637156 035 $a(PQKBWorkID)14956213 035 $a(PQKB)11364660 035 $a(MiAaPQ)EBC4534706 035 $a(Au-PeEL)EBL4534706 035 $a(CaPaEBR)ebr11215729 035 $a(CaONFJC)MIL830947 035 $a(OCoLC)922704072 035 $a(PPN)234641398 035 $a(EXLCZ)993710000000473540 100 $a20160623h20152015 uy 0 101 0 $aeng 135 $aur|n|---||||| 181 $ctxt 182 $cc 183 $acr 200 00$aMedieval urban identity $ehealth, economy and regulation /$fedited by Flocel Sabate? 210 1$aNewcastle upon Tyne, England :$cCambridge Scholars Publishing,$d2015. 210 4$dİ2015 215 $a1 online resource (270 p.) 300 $aDescription based upon print version of record. 311 $a1-4438-7785-9 330 $aThe increasing prominence of urban life during the Middle Ages is undoubtedly one of the more transcendental and multi-faceted aspects of this era, having an effect on rules and laws, hygiene, and economic organisation. This book brings together contributions from a wide range of scholars who adopt a new approach to medieval urban life, using health, the economy, and regulations and laws as frames of reference for gaining a greater understanding of this historical period. Through these vectors, interesting insights are provided into medieval housing, cures for diseases, the work of artisans an 606 $aCity dwellers 606 $aUrban health 615 0$aCity dwellers. 615 0$aUrban health. 676 $a307.76092 702 $aSabate?$b Flocel 801 0$bMiAaPQ 801 1$bMiAaPQ 801 2$bMiAaPQ 906 $aBOOK 912 $a9910797682403321 996 $aMedieval urban identity$93847014 997 $aUNINA